[Event "85th ch-St Petersburg SF"]
[Site "St Petersburg RUS"]
[Date "2012.01.29"]
[Round "2.7"]
[White "Alekseenko,K"]
[Black "Ivanov,Mir"]
[Result "1-0"]
[WhiteTitle "FM"]
[WhiteElo "2376"]
[BlackElo "2070"]
[WhiteFideId "4135539"]
[BlackFideId "4140273"]
[EventDate "2012.01.28"]

1. e4 c5 2. Nf3 Nc6 3. d4 cxd4 4. Nxd4 Nf6 5. Nc3 d6 6. Bc4 e6 7. Be3 a6 8. Bb3
Be7 9. Qe2 Qc7 10. O-O-O Na5 11. g4 Nxb3+ 12. axb3 b5 13. g5 Nd7 14. b4 Bb7 15.
f4 Qc4 16. Qxc4 bxc4 17. f5 e5 18. Nf3 Bc6 19. Nd5 Rb8 20. c3 h6 21. gxh6 gxh6
22. Nd2 Bxd5 23. exd5 Rc8 24. Ne4 Nf6 25. Nxf6+ Bxf6 26. Kc2 Ke7 27. Ra1 Ra8 28.
h4 Rhg8 29. Bxh6 Rg2+ 30. Kb1 Rf2 31. Bc1 Rxf5 32. h5 e4 33. Ra5 Rh8 34. h6 Bg5
35. Bxg5+ Rxg5 36. Rxa6 Rxd5 37. Rc6 f5 38. Rxc4 e3 39. Rch4 Kf6 40. h7 1-0

[Event "85th ch-St Petersburg SF"]
[Site "St Petersburg RUS"]
[Date "2012.01.29"]
[Round "2.9"]
[White "Barhudarian,R"]
[Black "Balaian,Ali"]
[Result "1/2-1/2"]
[WhiteTitle "FM"]
[WhiteElo "2333"]
[BlackElo "2232"]
[WhiteFideId "4182685"]
[BlackFideId "24115347"]
[EventDate "2012.01.28"]

1. d4 d5 2. Nc3 e6 3. e4 Bb4 4. exd5 exd5 5. Bd3 Nc6 6. Ne2 Bg4 7. a3 Be7 8. h3
Bh5 9. g4 Bg6 10. Bxg6 hxg6 11. Be3 Qd7 12. Nf4 Nf6 13. Qf3 O-O-O 14. O-O-O Rhe8
15. Rhg1 g5 16. Nd3 Ne4 17. Nxe4 dxe4 18. Qxe4 Bxa3 19. Qf5 Bf8 20. Qxd7+ Rxd7
21. c3 f6 22. Kc2 b6 23. Rde1 Bd6 24. Bd2 Rde7 25. Rxe7 Rxe7 26. Re1 Kd7 27. Rh1
Re4 28. h4 gxh4 29. Rxh4 g5 30. Rh6 Ke7 31. f3 Re2 32. Rh7+ Kf8 33. Kd1 Rg2 34.
Ne1 Rf2 35. Rh3 Kg7 36. Nd3 Rg2 37. Ne1 Rf2 38. Nd3 Rg2 39. Ne1 Rf2 40. Nd3 Rg2 1/2-1/2

[Event "85th ch-St Petersburg SF"]
[Site "St Petersburg RUS"]
[Date "2012.01.29"]
[Round "2.10"]
[White "Martynov,P2"]
[Black "Kitsis,A"]
[Result "1-0"]
[WhiteElo "2237"]
[BlackElo "2195"]
[WhiteFideId "4122186"]
[BlackFideId "4184025"]
[EventDate "2012.01.28"]

1. e4 e6 2. d4 d5 3. Nd2 c5 4. exd5 Qxd5 5. dxc5 Bxc5 6. Ngf3 Nf6 7. Bc4 Qd6 8.
Qe2 Nc6 9. O-O O-O 10. Ne4 Nxe4 11. Qxe4 Nd4 12. Nxd4 Bxd4 13. c3 Be5 14. h3 Qc7
15. Rd1 Rb8 16. Bd3 g6 17. Bh6 Rd8 18. Bb5 Rxd1+ 19. Rxd1 a6 20. Qxe5 1-0

[Event "85th ch-St Petersburg SF"]
[Site "St Petersburg RUS"]
[Date "2012.01.29"]
[Round "2.11"]
[White "Vlasov,Eg"]
[Black "Pershin,Denis"]
[Result "0-1"]
[WhiteElo "2287"]
[BlackElo "2096"]
[WhiteFideId "4146360"]
[BlackFideId "24165506"]
[EventDate "2012.01.28"]

1. e4 c5 2. Nf3 d6 3. d4 cxd4 4. Nxd4 Nf6 5. Nc3 Nc6 6. f3 e5 7. Nb3 Be6 8. Bg5
Be7 9. Qd2 h6 10. Bxf6 Bxf6 11. g3 Bg5 12. Qf2 O-O 13. h4 Be7 14. O-O-O a5 15.
Bb5 Bxb3 16. axb3 Nd4 17. Rxd4 exd4 18. Nd5 Bf6 19. g4 g6 20. g5 Bg7 21. f4 h5
22. f5 Be5 23. f6 Kh8 24. Kb1 Rc8 25. Be2 a4 26. Bxh5 d3 27. Bd1 axb3 28. cxb3
Qa5 29. h5 Qa1+ 30. Kxa1 Rc1+ 0-1

[Event "85th ch-St Petersburg SF"]
[Site "St Petersburg RUS"]
[Date "2012.01.29"]
[Round "2.12"]
[White "Sheynin,I"]
[Black "Monin,N"]
[Result "0-1"]
[BlackTitle "IM"]
[WhiteElo "2093"]
[BlackElo "2360"]
[WhiteFideId "4186230"]
[BlackFideId "4104013"]
[EventDate "2012.01.28"]

1. e4 e6 2. d4 d5 3. e5 c5 4. c3 Nc6 5. Nf3 Qb6 6. Bd3 Bd7 7. O-O cxd4 8. cxd4
Nxd4 9. Nbd2 Nh6 10. Nxd4 Qxd4 11. Nf3 Qb6 12. Be3 Bc5 13. Bxh6 gxh6 14. Qd2 Bf8
15. Qf4 Bg7 16. b4 O-O 17. a4 f6 18. Qg3 Rac8 19. exf6 Rxf6 20. Ne5 Qc7 21. Rac1
Qxc1 22. Nxd7 Qg5 23. Nxf6+ Qxf6 24. Qd6 Qf7 25. f4 Bf8 26. Qe5 Bg7 27. Qd6 Bd4+
28. Kh1 Bf6 29. Bb5 a6 30. Bd3 Qe7 31. Qb6 Rc6 32. Qa7 Rc3 33. Qe3 Kf7 34. Re1
e5 35. fxe5 Qxe5 36. Qxe5 Bxe5 37. Bxh7 Rc4 38. g3 Bc3 39. Rd1 d4 40. b5 Rxa4
41. Bd3 a5 42. Rb1 Ke7 43. b6 Rb4 44. Rxb4 Bxb4 45. Be4 a4 0-1

[Event "85th ch-St Petersburg SF"]
[Site "St Petersburg RUS"]
[Date "2012.01.29"]
[Round "2.13"]
[White "Vunder,A"]
[Black "Gorjunov,S2"]
[Result "1-0"]
[WhiteElo "2271"]
[BlackElo "2088"]
[WhiteFideId "4128338"]
[BlackFideId "4166590"]
[EventDate "2012.01.28"]

1. d4 e6 2. Nf3 c5 3. e3 Nf6 4. c4 cxd4 5. exd4 Bb4+ 6. Nc3 O-O 7. Bd3 d5 8. O-O
dxc4 9. Bxc4 Nbd7 10. Bd3 Nb6 11. Bg5 Nbd5 12. Rc1 h6 13. Nxd5 exd5 14. Bh4 Bg4
15. Bb1 Qb6 16. a3 Be7 17. Re1 Bd8 18. Qd3 Ne4 19. Bxd8 Raxd8 20. Ne5 Bf5 21.
Qf3 Bh7 22. Qe3 f6 23. Nd3 Rfe8 24. Nb4 Kf8 25. Ba2 Bg8 26. Qd3 a5 27. Nxd5 Bxd5
28. Bxd5 Rxd5 29. Rxe4 Red8 30. Rd1 Qxb2 31. h4 Qb5 32. Qg3 Qa4 33. Rde1 Rxd4
34. Re7 Rg4 35. Qc7 Qd4 36. Qxb7 Kg8 37. Re8+ Rxe8 38. Rxe8+ Kh7 39. Qb1+ f5 40.
Qxf5+ Rg6 41. h5 1-0

[Event "85th ch-St Petersburg SF"]
[Site "St Petersburg RUS"]
[Date "2012.01.29"]
[Round "2.14"]
[White "Saveliev,Alexei"]
[Black "Korennoi,V"]
[Result "1-0"]
[WhiteElo "2074"]
[BlackElo "2251"]
[WhiteFideId "24128546"]
[BlackFideId "24110140"]
[EventDate "2012.01.28"]

1. e4 c5 2. Nf3 Nc6 3. d4 cxd4 4. Nxd4 Nf6 5. Nc3 e5 6. Ndb5 d6 7. Nd5 Nxd5 8.
exd5 Ne7 9. c4 Nf5 10. Bd3 g6 11. O-O Bg7 12. Bd2 a6 13. Qa4 O-O 14. Qa3 axb5
15. Qxa8 bxc4 16. Bxf5 gxf5 17. Rac1 Qh4 18. f4 Qg4 19. Rxc4 Bd7 20. Qxb7 Qe2
21. Qb4 Qd3 22. fxe5 Qxd5 23. Rd4 Qxe5 24. Rxd6 Be6 25. Bf4 Qe2 26. Qd2 Qb5 27.
b3 h6 28. Rd1 Kh7 29. Qd3 Qb4 30. Bg3 Ra8 31. Ra6 Rc8 32. Ra4 Qb7 33. Qa6 Qe7
34. Qd6 Qf6 35. Bf2 Rc2 36. Bd4 Qg5 37. Qg3 Bxd4+ 38. Raxd4 Rxa2 39. Qxg5 hxg5
40. Rb1 f4 41. b4 Bc8 42. Rbd1 Rb2 43. R1d2 Rb3 44. Kf2 Kg6 45. Rd6+ Be6 46. Rb6
Kf5 47. h3 Ke4 48. Re2+ Kd4 49. Rb8 Bc4 50. Rd8+ Kc3 51. Rc8 Kd4 52. Rd2+ Kc3
53. Rd5 Rb1 54. Kf3 Rf1+ 55. Ke4 Kb3 56. Rxg5 Kxb4 57. Rb8+ Kc3 58. Rc5 Ra1 59.
Kxf4 Kd4 60. Rc7 Rf1+ 61. Kg5 Be6 62. Rb5 Rg1 63. g4 Rg3 64. Rb4+ Ke5 65. h4 f5
66. Rc5+ Kd6 67. Rxf5 Bxf5 68. Kxf5 Ke7 69. Rb7+ Kf8 70. Kg5 Kg8 71. Kh5 Rg1 72.
g5 Ra1 73. Kh6 Ra8 74. g6 Kh8 75. h5 Rc8 76. Rb6 Rg8 77. Rf6 Rc8 78. g7+ Kg8 79.
Kg6 Rc6 80. h6 Rxf6+ 81. Kxf6 1-0

[Event "85th ch-St Petersburg SF"]
[Site "St Petersburg RUS"]
[Date "2012.01.29"]
[Round "2.17"]
[White "Shpartko,G"]
[Black "Panov,Ivan"]
[Result "1-0"]
[WhiteElo "2129"]
[BlackElo "2006"]
[WhiteFideId "24122254"]
[BlackFideId "24177750"]
[EventDate "2012.01.28"]

1. c4 e6 2. d4 d5 3. Nf3 c6 4. Nc3 dxc4 5. a4 Bb4 6. Bd2 b5 7. e4 a5 8. axb5
Bxc3 9. Bxc3 cxb5 10. b3 Bb7 11. Qb1 Nf6 12. bxc4 Nxe4 13. Qxb5+ Bc6 14. Qb2
Nxc3 15. Qxc3 O-O 16. Be2 Nd7 17. O-O Qc7 18. d5 Bxd5 19. Rfc1 Bxf3 20. Bxf3 Ra7
21. c5 Rc8 22. Ra4 Nxc5 23. Rc4 Na6 24. Qd4 h6 25. Rxc7 Raxc7 26. Rxc7 Rxc7 27.
h4 Rc1+ 28. Kh2 Nc7 29. Qd8+ Kh7 30. Be4+ f5 31. Bd3 a4 32. g4 Rc5 33. gxf5 exf5
34. Qf8 1-0

[Event "85th ch-St Petersburg SF"]
[Site "St Petersburg RUS"]
[Date "2012.01.30"]
[Round "3.1"]
[White "Rozum,I"]
[Black "Bazeev,G"]
[Result "1/2-1/2"]
[WhiteTitle "IM"]
[WhiteElo "2475"]
[BlackElo "2315"]
[WhiteFideId "24104272"]
[BlackFideId "24119350"]
[EventDate "2012.01.28"]

1. d4 d5 2. Nf3 Nf6 3. c4 e6 4. g3 dxc4 5. Bg2 Bb4+ 6. Bd2 c5 7. Bxb4 cxb4 8.
Ne5 O-O 9. Nxc4 Nc6 10. e3 e5 11. d5 Na5 12. Nxe5 Qe7 13. Qd4 Rd8 14. O-O Nc6
15. Nxc6 bxc6 16. d6 Qxd6 17. Qxd6 Rxd6 18. a3 Ba6 19. Re1 b3 20. Bf1 Bxf1 21.
Kxf1 Rad8 22. Nc3 c5 23. Red1 Rxd1+ 24. Rxd1 Rxd1+ 25. Nxd1 c4 26. Ke2 Kf8 27.
Nc3 Ke7 28. e4 Kd6 29. h3 Kc5 30. Ke3 Nd7 31. Na4+ Kb5 32. Nc3+ Kc5 33. Na4+ Kb5
34. Nc3+ Kc5 35. Na4+ Kb5 1/2-1/2

[Event "85th ch-St Petersburg SF"]
[Site "St Petersburg RUS"]
[Date "2012.01.30"]
[Round "3.2"]
[White "Usmanov,V"]
[Black "Malakhov,I"]
[Result "1/2-1/2"]
[BlackTitle "FM"]
[WhiteElo "2315"]
[BlackElo "2422"]
[WhiteFideId "4135741"]
[BlackFideId "4183088"]
[EventDate "2012.01.28"]

1. d4 d5 2. c4 c6 3. Nf3 Nf6 4. e3 Bg4 5. Nc3 e6 6. h3 Bxf3 7. Qxf3 Nbd7 8. Bd3
Bd6 9. O-O O-O 10. Bd2 Re8 11. Qd1 Qe7 12. c5 Bc7 13. f4 Ba5 14. Nb1 Bc7 15. Nc3
Ba5 16. Nb1 Bc7 17. Nc3 Ba5 1/2-1/2

[Event "85th ch-St Petersburg SF"]
[Site "St Petersburg RUS"]
[Date "2012.01.30"]
[Round "3.3"]
[White "Ganichev,Alex"]
[Black "Donskov,Ana"]
[Result "1-0"]
[BlackTitle "FM"]
[WhiteElo "2275"]
[BlackElo "2306"]
[WhiteFideId "24143944"]
[BlackFideId "24143413"]
[EventDate "2012.01.28"]

1. e4 c5 2. Nf3 Nc6 3. d4 cxd4 4. Nxd4 Nf6 5. Nc3 d6 6. Bg5 e6 7. Qd2 a6 8.
O-O-O Bd7 9. f4 b5 10. Nxc6 Bxc6 11. Bd3 Be7 12. e5 dxe5 13. fxe5 Nd7 14. Bxe7
Qxe7 15. Be4 Bxe4 16. Nxe4 Nxe5 17. Qd4 f6 18. Nd6+ Kf8 19. Rhf1 Nf7 20. Qb6 Qa7
21. Qc6 Rd8 22. Nb7 Qe3+ 23. Kb1 Rxd1+ 24. Rxd1 g5 25. Nc5 Kg7 26. Nxe6+ Kg6 27.
Rf1 Qe5 28. Nc5 Re8 29. a3 Nd8 30. Rxf6+ Qxf6 31. Qxe8+ Nf7 32. Qe4+ Kg7 33.
Ne6+ Kh6 34. Nf8 Qf1+ 35. Ka2 Qc4+ 36. Qxc4 bxc4 37. b4 cxb3+ 38. Kxb3 Ne5 39.
Kb4 g4 40. Kc5 Kg7 41. Ne6+ Kf6 42. Nc7 h5 43. Kd5 h4 44. Ne8+ Kf5 45. c4 Nd7
46. c5 Kf4 47. c6 Nb6+ 48. Kd4 h3 49. g3+ Kf3 50. Nf6 a5 51. c7 a4 52. Ke5 Nc8
53. Kf5 Nd6+ 54. Kg5 Ke3 55. Kxg4 Kd4 56. Kf4 Nc8 57. g4 Kc5 58. Ke5 Kc6 59. Nd5
Kd7 60. g5 Na7 61. g6 1-0

[Event "85th ch-St Petersburg SF"]
[Site "St Petersburg RUS"]
[Date "2012.01.30"]
[Round "3.4"]
[White "Levin,Ev"]
[Black "Martynov,P2"]
[Result "1-0"]
[WhiteTitle "GM"]
[WhiteElo "2498"]
[BlackElo "2237"]
[WhiteFideId "4182596"]
[BlackFideId "4122186"]
[EventDate "2012.01.28"]

1. d4 Nf6 2. c4 e6 3. Nf3 Bb4+ 4. Nbd2 b6 5. a3 Bxd2+ 6. Qxd2 Bb7 7. e3 O-O 8.
Be2 a5 9. b3 d6 10. Bb2 Nbd7 11. O-O Qe7 12. Qc2 c5 13. Nd2 Rfc8 14. dxc5 bxc5
15. Bc3 e5 16. f3 Ne8 17. Bd3 h6 18. Rae1 Nef6 19. Bf5 Re8 20. Rf2 Qd8 21. Rd1
Qc7 22. a4 Nf8 23. Nf1 Bc8 24. Ng3 Be6 25. Rfd2 Ra6 26. h3 Qe7 27. f4 N8d7 28.
Bxe6 fxe6 29. f5 Rf8 30. e4 Ne8 31. Rd3 Nb8 32. fxe6 Qxe6 33. Nf5 Nc6 34. Rg3
Nd4 35. Bxd4 exd4 36. Rg6 Rf6 37. Nxh6+ Kh8 38. Rxf6 Nxf6 39. Nf5 Nxe4 40. Nxg7
Kxg7 41. Re1 d5 42. cxd5 Qxd5 43. Rxe4 Rg6 44. Re7+ Kf6 45. Rc7 Rg5 46. Qf2+ Kg6
47. h4 Rg4 48. Qe2 Re4 49. Qd3 Qf5 50. Qg3+ Kh5 51. Rh7+ 1-0

[Event "85th ch-St Petersburg SF"]
[Site "St Petersburg RUS"]
[Date "2012.01.30"]
[Round "3.6"]
[White "Monin,N"]
[Black "Duzhakov,I"]
[Result "1/2-1/2"]
[WhiteTitle "IM"]
[BlackTitle "FM"]
[WhiteElo "2360"]
[BlackElo "2303"]
[WhiteFideId "4104013"]
[BlackFideId "4192516"]
[EventDate "2012.01.28"]

1. e4 e6 2. d4 d5 3. e5 c5 4. Nf3 cxd4 5. Bd3 Nc6 6. O-O Nge7 7. Bf4 Ng6 8. Bg3
Be7 9. Nbd2 O-O 10. Nb3 Qb6 11. h4 Bd7 12. h5 Nh8 13. h6 g6 14. Re1 f5 15. exf6
Bxf6 16. Bd6 Rfe8 17. Bc5 Qc7 18. Nfxd4 Nxd4 19. Bxd4 e5 20. Qf3 Qd6 21. Bc5 Qe6
22. c4 dxc4 23. Bxc4 Qxc4 24. Qxf6 Qf7 25. Qxf7+ Nxf7 26. Be3 a5 27. a4 b5 28.
Nc5 Bc6 29. axb5 Bxb5 30. Ne4 Re6 31. Rec1 Bc6 32. Ng5 Nxg5 33. Bxg5 a4 34. Bd2
Rd8 35. Bc3 g5 36. Bxe5 Rxh6 37. Rc5 Re8 38. Bc3 Rg6 39. Re1 Rxe1+ 40. Bxe1 h6 1/2-1/2

[Event "85th ch-St Petersburg SF"]
[Site "St Petersburg RUS"]
[Date "2012.01.30"]
[Round "3.7"]
[White "Vorobjev,D"]
[Black "Barhudarian,R"]
[Result "1/2-1/2"]
[BlackTitle "FM"]
[WhiteElo "2223"]
[BlackElo "2333"]
[WhiteFideId "24112178"]
[BlackFideId "4182685"]
[EventDate "2012.01.28"]

1. e4 Nc6 2. d4 d6 3. Nf3 Nf6 4. Nc3 Bg4 5. Bb5 a6 6. Bxc6+ bxc6 7. h3 Bh5 8. g4
Bg6 9. Qe2 d5 10. exd5 cxd5 11. Ne5 c5 12. dxc5 d4 13. Qf3 Rc8 14. Nxg6 hxg6 15.
Ne4 Nxe4 16. Qxe4 Qa5+ 17. Bd2 Qxc5 18. O-O-O e6 19. Bf4 Be7 20. Rxd4 Bf6 21.
Rd2 Qa5 22. Kb1 O-O 23. Qe3 Qb4 24. b3 Rc3 25. Rd3 Rxd3 26. cxd3 Qc3 27. d4 Qxd4
28. Qxd4 Bxd4 29. Be3 Bxe3 30. fxe3 f5 31. Rf1 Kf7 32. e4 Kf6 33. Kc2 Ke5 34.
exf5 gxf5 35. gxf5 exf5 36. Kd3 Rd8+ 37. Ke3 g5 38. Rc1 f4+ 39. Ke2 Ke4 40. Rc4+
Rd4 41. Rc3 Rd6 42. b4 Rd4 43. a3 Rd6 44. Rc4+ Kf5 45. a4 Re6+ 46. Kf2 Re3 47.
Rc5+ Ke4 48. Rxg5 Rxh3 49. b5 axb5 50. Rxb5 Rh2+ 51. Kf1 Ra2 52. a5 Kf3 53. Rb3+
Kg4 54. Rc3 Rxa5 55. Rb3 Ra2 56. Rc3 f3 57. Rc8 1/2-1/2

[Event "85th ch-St Petersburg SF"]
[Site "St Petersburg RUS"]
[Date "2012.01.30"]
[Round "3.9"]
[White "Ivanov,Mir"]
[Black "Solovyov,V"]
[Result "0-1"]
[WhiteElo "2070"]
[BlackElo "2293"]
[WhiteFideId "4140273"]
[BlackFideId "4102754"]
[EventDate "2012.01.28"]

1. e4 c6 2. d4 d5 3. Nc3 dxe4 4. Nxe4 Nd7 5. Nf3 Ngf6 6. Nxf6+ Nxf6 7. Bc4 Bf5
8. O-O e6 9. Bf4 Be7 10. h3 O-O 11. Qe2 Qb6 12. c3 Rac8 13. Rad1 Rfe8 14. Be5
Nd5 15. g4 Bg6 16. Rfe1 Qd8 17. Bg3 Bd6 18. Bxd6 Qxd6 19. Qe5 Qd8 20. Kg2 Qb6
21. Rd2 h6 22. Nh4 Bh7 23. Kg3 f6 24. Qd6 Rcd8 25. Qc5 Qc7+ 26. Kg2 Nf4+ 27. Kf1
b6 28. Qa3 b5 29. Bb3 a5 30. Re3 a4 31. Bc2 c5 32. Bxh7+ Kxh7 33. b4 cxd4 34.
cxd4 Qc4+ 35. Kg1 Rxd4 36. Rxd4 Qxd4 37. Ng2 Nd5 38. Re2 Nxb4 39. Rb2 Nc2 0-1

[Event "85th ch-St Petersburg SF"]
[Site "St Petersburg RUS"]
[Date "2012.01.30"]
[Round "3.10"]
[White "Golovankov,V"]
[Black "Shpartko,G"]
[Result "1-0"]
[WhiteElo "2288"]
[BlackElo "2129"]
[WhiteFideId "4129423"]
[BlackFideId "24122254"]
[EventDate "2012.01.28"]

1. d4 Nf6 2. Nf3 d5 3. Bf4 c5 4. e3 Nc6 5. c3 Bg4 6. Nbd2 e6 7. h3 Bh5 8. Be2
Bd6 9. dxc5 Bxc5 10. O-O O-O 11. Ne5 Bxe2 12. Qxe2 Nxe5 13. Bxe5 Nd7 14. Bg3 Qb6
15. Rfd1 Qxb2 16. Rab1 Qxa2 17. Qb5 Rfd8 18. Bc7 Bb6 19. Bxd8 Rxd8 20. Ra1 Qc2
21. Rac1 Qf5 22. c4 Nf6 23. c5 d4 24. exd4 Rxd4 25. Nb3 Rxd1+ 26. Rxd1 h5 27.
Qb4 Bc7 28. Qxb7 Nd5 29. Nd4 Qf4 30. g3 Qe4 31. Qb1 Qe5 32. Nf3 Qc3 33. Ng5 g6
34. Nxe6 Qf3 35. Rd3 Qe2 36. Nxc7 Nxc7 37. Rd8+ Kh7 38. Qa1 Ne8 39. c6 Qe7 40.
c7 Qxc7 41. Rxe8 g5 42. Qf6 1-0

[Event "85th ch-St Petersburg SF"]
[Site "St Petersburg RUS"]
[Date "2012.01.30"]
[Round "3.11"]
[White "Gorbatenko,A"]
[Black "Vunder,A"]
[Result "0-1"]
[WhiteElo "2082"]
[BlackElo "2271"]
[WhiteFideId "4145976"]
[BlackFideId "4128338"]
[EventDate "2012.01.28"]

1. d4 d5 2. Nf3 Bf5 3. c4 e6 4. Nc3 c6 5. e3 Nf6 6. Qb3 Qb6 7. Qxb6 axb6 8. Nh4
Bg6 9. Nxg6 hxg6 10. cxd5 exd5 11. Bd2 Nbd7 12. Be2 Bd6 13. h3 b5 14. Bf3 Nf8
15. e4 dxe4 16. Nxe4 Nxe4 17. Bxe4 Nd7 18. O-O Nf6 19. Bf3 O-O 20. a3 Rfe8 21.
Rfe1 Kf8 22. Kf1 Rxe1+ 23. Rxe1 Re8 24. Re3 Rd8 25. Ba5 Rd7 26. Ke2 Be7 27. Bb6
Nd5 28. Bxd5 Rxd5 29. Re5 Rd7 30. Bc5 f6 31. Re4 Kf7 32. Re3 Bf8 33. Re4 Rd5 34.
b4 Rd7 35. Re3 Be7 36. Bb6 Rd5 37. Kd3 Bd8 38. Bxd8 Rxd8 39. Kc3 Rd6 40. Kd3 Re6
41. h4 Rd6 42. Kc3 Rd5 43. g4 Rd8 44. Kd3 Ra8 45. Ke2 Rd8 46. Kd3 Rh8 47. Rh3
Ke6 48. Ke4 Kd6 49. h5 Ke6 50. Rh1 gxh5 51. Rxh5 Rd8 52. Rh7 Kf7 53. Rh5 Re8+
54. Kd3 Rd8 55. Ke4 Ke6 56. Rc5 g6 57. f4 Kd6 58. d5 Re8+ 59. Kd4 Re1 60. dxc6
bxc6 61. Rc3 Rg1 62. g5 fxg5 63. fxg5 Rxg5 64. Ke4 Re5+ 65. Kf4 g5+ 66. Kg4 Rd5
67. Rh3 Re5 68. Rd3+ Kc7 69. Rf3 c5 70. bxc5 Kc6 71. Rf8 Kxc5 72. Rc8+ Kd4 73.
Rc7 Rc5 74. Rf7 Kc3 75. Rf3+ Kb2 76. Re3 Rc3 77. Re5 Rb3 78. Kxg5 Kxa3 79. Kf4
b4 80. Ke4 Rc3 81. Kd4 Rc8 82. Rh5 b3 83. Ra5+ Kb4 84. Ra7 Rd8+ 85. Ke3 b2 86.
Ke2 Kc3 87. Rc7+ Kb3 0-1

[Event "85th ch-St Petersburg SF"]
[Site "St Petersburg RUS"]
[Date "2012.01.30"]
[Round "3.12"]
[White "Balaian,Ali"]
[Black "Saveliev,Alexei"]
[Result "1/2-1/2"]
[WhiteElo "2232"]
[BlackElo "2074"]
[WhiteFideId "24115347"]
[BlackFideId "24128546"]
[EventDate "2012.01.28"]

1. e4 e6 2. d4 d5 3. Nc3 dxe4 4. Nxe4 Nd7 5. Nf3 Ngf6 6. Nxf6+ Nxf6 7. c3 c5 8.
Ne5 a6 9. Be3 Qc7 10. Qa4+ Bd7 11. Nxd7 Qxd7 12. Qxd7+ Nxd7 13. O-O-O cxd4 14.
Bxd4 O-O-O 15. f4 Bd6 16. g3 e5 17. fxe5 Nxe5 18. Ba7 Kc7 19. a4 Nc6 20. Bf2
Rhe8 21. Bd3 g6 22. Rhf1 f5 23. Rfe1 Ne5 24. Be2 Nc6 25. Kc2 a5 26. Rd5 Re5 27.
Rxe5 Nxe5 28. Rd1 b6 29. Rd5 Nd7 30. Bb5 Nf6 31. Rd1 Ng4 32. Bg1 Ne5 33. Be3 Ng4
34. Bg5 Rf8 35. Rd4 Rf7 36. h3 Nf2 37. Rc4+ Kb7 38. Bc6+ Ka7 39. Rd4 Bc7 40. h4
Ng4 41. Kb3 Ne5 42. Bg2 Nd7 43. Kc4 Bxg3 44. Kd5 Nc5 45. Kc6 Rc7+ 46. Kd5 Rd7+
47. Kc4 Rc7 48. Bd8 Rc8 49. Kb5 Bc7 50. Bxc7 Rxc7 51. b4 axb4 1/2-1/2

[Event "85th ch-St Petersburg SF"]
[Site "St Petersburg RUS"]
[Date "2012.01.30"]
[Round "3.13"]
[White "Serov,M"]
[Black "Kuzmin,E"]
[Result "1-0"]
[WhiteElo "2397"]
[BlackElo "2132"]
[WhiteFideId "4181905"]
[BlackFideId "24101737"]
[EventDate "2012.01.28"]

1. d4 d5 2. c4 e6 3. Nf3 Nf6 4. g3 Bb4+ 5. Bd2 Be7 6. Bg2 O-O 7. Qc2 c6 8. O-O
b6 9. Bf4 Ba6 10. Nbd2 Nbd7 11. Rfd1 Nh5 12. Be3 Nhf6 13. h3 Rc8 14. Rac1 Bd6
15. Bf4 Bxf4 16. gxf4 Nh5 17. e3 f5 18. cxd5 cxd5 19. Qa4 Nb8 20. Ne5 Nf6 21.
Qa3 Rc7 22. b4 Qd6 23. Rxc7 Qxc7 24. Rc1 Qb7 25. Bf1 Bxf1 26. Kxf1 Nfd7 27. b5
Nxe5 28. dxe5 Qd7 29. Kg2 Qxb5 30. Rc7 Na6 31. Rxa7 Nc5 32. Nb3 h6 33. Rc7 Rf7
34. Qa8+ Rf8 35. Qa7 Kh8 36. Rxg7 Rg8 37. Rxg8+ Kxg8 38. Nd4 Qe8 39. Qxb6 Qc8
40. Qc6 Qxc6 41. Nxc6 1-0

[Event "85th ch-St Petersburg SF"]
[Site "St Petersburg RUS"]
[Date "2012.01.30"]
[Round "3.14"]
[White "Kitsis,A"]
[Black "Dubovsky,A"]
[Result "1/2-1/2"]
[WhiteElo "2195"]
[BlackElo "1976"]
[WhiteFideId "4184025"]
[BlackFideId "4168747"]
[EventDate "2012.01.28"]

1. c4 Nf6 2. Nf3 g6 3. g3 Bg7 4. Bg2 d6 5. O-O O-O 6. Nc3 e5 7. d4 Nbd7 8. Qc2
exd4 9. Nxd4 Nb6 10. b3 c5 11. Ndb5 a6 12. Na3 Bf5 13. e4 Nxe4 14. Bxe4 Bxe4 15.
Nxe4 Bxa1 16. Bg5 f6 17. Bh6 Bd4 18. Bxf8 Qxf8 19. Qd3 Nd7 20. Nc2 Ne5 21. Qd1
Nc6 22. Nd2 Re8 23. Nf3 Bc3 24. Qd3 Bb2 25. Qd5+ Kg7 26. Rb1 Bc3 27. Qd3 Ba5 28.
a3 Ne5 29. Nxe5 Rxe5 30. Rd1 Re6 31. Qd5 Qe7 32. Ne3 Bc3 33. Kg2 Bd4 34. Re1 Re5
35. Qf3 Bxe3 36. Rxe3 Rxe3 37. fxe3 f5 38. Kf2 Qe4 39. Qd1 Qe5 40. Qd2 Kf6 41.
Qa5 g5 42. Qd8+ Kg6 43. Qg8+ Qg7 44. Qe6+ Qf6 45. Qe8+ Kh6 46. Qd7 b5 47. Qc8
bxc4 48. bxc4 Qb2+ 49. Kg1 Qc1+ 50. Kf2 Qc2+ 51. Kg1 Qc1+ 52. Kf2 Qd2+ 53. Kf1
Qd3+ 54. Kf2 Qc2+ 55. Kg1 Qb1+ 56. Kf2 Qc2+ 57. Kg1 Qe4 58. Kf2 Kh5 59. h3 g4
60. hxg4+ fxg4 61. Qf8 Qc2+ 62. Kg1 Qd1+ 63. Kf2 Qd2+ 64. Kf1 Qd3+ 65. Kf2 Qg6
66. Qf4 1/2-1/2

[Event "85th ch-St Petersburg SF"]
[Site "St Petersburg RUS"]
[Date "2012.01.30"]
[Round "3.15"]
[White "Gorjunov,S2"]
[Black "Vlasov,Eg"]
[Result "1-0"]
[WhiteElo "2088"]
[BlackElo "2287"]
[WhiteFideId "4166590"]
[BlackFideId "4146360"]
[EventDate "2012.01.28"]

1. c4 b6 2. Nc3 e6 3. e4 Bb7 4. d4 Bb4 5. Bd3 f5 6. d5 fxe4 7. Bxe4 Nf6 8. Bf3
e5 9. Qb3 Na6 10. a3 Nc5 11. Qc2 Bxc3+ 12. Qxc3 O-O 13. b4 Nce4 14. Qc2 Nxf2 15.
Qxf2 e4 16. Be2 Ng4 17. Qd4 Nf2 18. Bb2 Qe7 19. Nh3 Nxh1 20. O-O-O c5 21. dxc6
dxc6 22. Rxh1 c5 23. Qe5 Qxe5 24. Bxe5 e3 25. Rg1 Rae8 26. Bg3 h6 27. bxc5 bxc5
28. Nf4 Re4 29. Nd5 Rf2 30. Nc3 Rf6 31. Nxe4 Bxe4 32. Kb2 g5 33. Kc3 Ra6 34. Kb2
Rb6+ 35. Ka2 Kg7 36. h4 Rb7 37. hxg5 hxg5 38. Bf3 Bxf3 39. gxf3 Rf7 40. Bh4 Rxf3
41. Rxg5+ Kf7 42. Rxc5 Ke6 43. Rc8 Rh3 44. Re8+ Kd7 45. Re4 Kc6 46. Be1 Kb6 47.
Bc3 Kc5 48. Kb3 Kc6 49. Kb4 a5+ 50. Kxa5 e2 51. Kb4 Rh2 52. a4 1-0

[Event "85th ch-St Petersburg SF"]
[Site "St Petersburg RUS"]
[Date "2012.01.30"]
[Round "3.16"]
[White "Korennoi,V"]
[Black "Sheynin,I"]
[Result "0-1"]
[WhiteElo "2251"]
[BlackElo "2093"]
[WhiteFideId "24110140"]
[BlackFideId "4186230"]
[EventDate "2012.01.28"]

1. d4 Nf6 2. c4 c5 3. d5 e6 4. Nc3 exd5 5. cxd5 d6 6. Nf3 g6 7. Bf4 a6 8. Nd2 b5
9. a4 b4 10. Nce4 Nxe4 11. Nxe4 Bf5 12. Nd2 g5 13. Bg3 Nd7 14. h4 h6 15. hxg5
Qxg5 16. Nc4 Qf6 17. e4 Bh7 18. Qf3 O-O-O 19. Qe2 Nb8 20. f3 Re8 21. Rc1 Qg5 22.
Bxd6 Qxc1+ 23. Kf2 Bxd6 24. Nxd6+ Kc7 25. Nxf7 Rhf8 26. d6+ Kb6 27. d7 Rxe4 28.
Qd3 Qxb2+ 29. Kg1 Qd4+ 30. Qxd4 Rxd4 31. Rxh6+ Kc7 32. d8=Q+ Rfxd8 33. Nxd8 Rxd8
34. Rxh7+ Kb6 35. Bc4 Rd4 36. Bf7 c4 37. Rh8 Nd7 38. Rc8 c3 39. Be6 Nc5 40. Bf7
Nxa4 41. Be8 Kb7 0-1